| 000 | 00647nam a2200217 a 4500 | ||
|---|---|---|---|
| 001 | BRCA_7465 | ||
| 005 | 20190320205840.0 | ||
| 008 | 180413s1944----nyua######---#000-0#eng-# | ||
| 041 | _aeng | ||
| 044 | _anyu | ||
| 050 | 4 |
_aPZ8.3 _b.T47 1944 |
|
| 245 | 1 | 0 |
_aThree young rats and other rhymes _cdrawings by Alexander Calder ; ed. with introd. by James Johnson Sweeney. |
| 260 |
_aNueva York _bC. Valetin _c1944 |
||
| 300 |
_axviii, 130 p. _bil. |
||
| 500 | _aQ223 | ||
| 650 | 1 | 4 |
_aRimas infantiles _918378 |
| 700 | 1 |
_aCalder, Alexander _d1898-1976 _eil. _918379 |
|
| 700 | 1 |
_aSweeney, James Johnson _eed. _918380 |
|
| 902 | _aGFM | ||
| 942 |
_2lcc _cB |
||
| 999 |
_c7141 _d7141 |
||